Wetenschappelijke grootteorden - Statistieken

Algemene statistieken
  • Deze quiz is 92 keer genomen
  • De gemiddelde score is 25 van 40
Antwoordstatistieken
Cijfer Antwoord % Correct
1 000 000 M
100%
0,001 m
100%
0,1 d
96%
0,01 c
95%
1 000 000 000 G
95%
1 000 000 000 000 T
94%
1 000 000 000 000 000 000 E
91%
100 h
91%
1 000 k
91%
1 000 000 000 000 000 P
91%
0,000 000 000 001 p
91%
0,000 000 001 n
85%
1 000 000 000 000 000 000 000 000 Y
81%
0,000 000 000 000 000 000 000 001 y
81%
0,000 000 000 000 000 001 a
78%
1 000 000 000 000 000 000 000 Z
76%
0,000 000 000 000 000 000 001 z
76%
0,000 000 000 000 001 f
72%
10^-3 Milli
65%
10^-2 Centi
64%
10^-1 Deci
64%
10^9 Giga
64%
10^6 Mega
63%
10^1 Deca
62%
10^2 Hecto
60%
10^3 Kilo
59%
10^-6 Micro
59%
10^-9 Nano
59%
10^12 Tera
56%
10 da
46%
10^-12 Pico
46%
0,000 001 µ
35%
10^21 Zetta
32%
10^24 Yotta
29%
10^15 Peta
24%
10^-15 Femto
21%
10^18 Exa
18%
10^-18 Atto
15%
10^-24 Yocto
13%
10^-21 Zepto
10%
Geen overeenkomende quizzen gevonden
Scoreverdeling
Procent van Mensen met Elke Score
Percentiel versus Aantal Correcte Antwoorden
Uw Scoregeschiedenis
U heeft deze quiz nog niet genomen